000 01210cam a22003131i 4500
003 SA-RiAUC
005 20251103134137.0
008 251015s1996 ua g 00000 ara c
020 _a9770902799
040 _aSA-RiAUC
_bara
_cSA-RiAUC
_erda
043 _af-ua---
050 4 _b.1996 H39
082 0 4 _a320.962
_qSA-RiAUC
090 _a320.962
_bهـ ي ك
100 1 _aهيكل، محمد حسنين،
_d1923-2016
_eمؤلف.
245 1 0 _a1995 باب مصر إلى القرن الواحد والعشرين /
_cمحمد حسنين هيكل.
246 3 _aألف تسعمائة خمسة وتسعون باب مصر إلى القرن الواحد والعشرين
250 _aالطبعة الثانية.
264 1 _aالقاهرة :
_bدار الشروق،
_c1996
300 _a39 صفحة ؛
_c24 سم
336 _aنص
_btxt
_2rdacontent
_3كتاب
337 _aبدون وسيط
_bn
_2rdamedia
338 _aمجلد
_bnc
_2rdacarrier
651 7 _aمصر
_xسياسة وحكومة
_yقرن 20
_2aucsh
651 7 _aمصر
_xتاريخ
_yقرن 20
_2aucsh
651 7 _aمصر
_xسياسة وحكومة
_2aucsh
942 _2ddc
_cBOOK
_n0
949 _aSA-JeALM
_d251015
_umohamedma123
_n1
999 _c12990
_d12990